Library Banner

Modern Indian political thought (Record no. 65015)

MARC details
000 -LEADER
fixed length control field 00407nam a22001457a 4500
005 - DATE AND TIME OF LATEST TRANSACTION
control field 20150202141756.0
008 - FIXED-LENGTH DATA ELEMENTS--GENERAL INFORMATION
fixed length control field 150202b xxu||||| |||| 00| 0 eng d
040 ## - CATALOGING SOURCE
Transcribing agency PK-LaUMT
082 ## - DEWEY DECIMAL CLASSIFICATION NUMBER
Classification number KHC 320.010954
Item number VAR-M
100 ## - MAIN ENTRY--PERSONAL NAME
Personal name Varma, Vishwanath Prasad
245 ## - TITLE STATEMENT
Title Modern Indian political thought
Statement of responsibility, etc Viswanath Prasad Varma
260 ## - PUBLICATION, DISTRIBUTION, ETC. (IMPRINT)
Place of publication, distribution, etc Agra
Name of publisher, distributor, etc Lakshmi Narain Agarwal
Date of publication, distribution, etc 1961
300 ## - PHYSICAL DESCRIPTION
Extent 675 p.
942 ## - ADDED ENTRY ELEMENTS (KOHA)
Koha item type Books
Holdings
Withdrawn status Lost status Damaged status Home library Current library Date acquired Full call number Barcode Date last seen Price effective from Koha item type
      UMT Main Campus UMT Main Campus 2015-02-02 KHC 320.010954 VAR-M 70044 2015-02-02 2015-02-02 Books